Countries Closest to Burkina Faso - One Minute Sprint - Statistics

General Stats
  • This quiz has been taken 66 times
  • The average score is 16 of 20
Answer Stats
km country miles % Correct
0 Niger 0
98%
129 Nigeria 80
96%
0 Togo 0
96%
0 Benin 0
94%
267 Guinea 166
94%
0 Mali 0
94%
0 Côte d'Ivoire 0
86%
900 Guinea-Bissau 559
86%
277 Mauritania 172
86%
0 Ghana 0
84%
658 Senegal 409
82%
613 Algeria 381
80%
450 Liberia 280
78%
1237 Chad 769
76%
940 Gambia 584
76%
566 Sierra Leone 352
76%
973 Cameroon 604
74%
1296 Western Sahara (Morocco) 805
72%
1235 São Tomé and Príncipe 767
48%
1124 Equatorial Guinea 699
34%
No matching quizzes found
Score Distribution
Percent of People with Each Score
Percentile by Number Answered
Your Score History
You have not taken this quiz